Palmes d'or années 2000 jusqu'à 2018 - Statistiques

Statistiques générales
  • Ce quiz a été pris 24 fois
  • Le résultat moyen est 7 sur 19
Statistiques - réponses
Hint Réponse % Correct
2013 La vie d'Adèle
55%
2012 Amour
50%
2015 Dheepan
50%
2017 The square
50%
2016 Moi, Daniel Blake
45%
2004 Fahrenheit 9/11
40%
2009 Le ruban blanc
40%
2014 Wintersleep
40%
2002 Le pianiste
35%
2006 Le vent se lève
35%
2000 Dancer in the dark
30%
2008 Entre les murs
30%
2010 Oncle Boonmee
30%
2011 The tree of life
30%
2018 Une affaire de famille
30%
2003 Elephant
25%
2001 La chambre du fils
25%
2007 4 mois, 3 semaines, 2 jours
20%
2005 L'enfant
20%
Aucun quiz correspondant
Distribution des résultats
% des personnes avec chaque résultat
Percentile par nombre de réponses
Votre historique - résultats
Vous n’avez pas pris ce quiz